Devine le film disney à partir d'un détail - Statistiques

Statistiques générales
  • Ce quiz a été pris 260 fois
  • Le résultat moyen est 33 sur 46
Statistiques - réponses
Par images Réponse % Correct
Aladdin
99%
Cendrillon
99%
Le roi lion
96%
Cars
94%
La belle et la bête
93%
Winnie l'Ourson
91%
Le livre de la jungle
90%
Le bossu de Notre-Dame
89%
Vaiana
89%
Pocahontas
88%
Raiponce
88%
Zootopie
88%
La petite sirène
86%
Hercule
84%
Les indestructibles
83%
Pinocchio
83%
Encanto
81%
Les aristochats
81%
Mulan
81%
La reine des neiges
80%
Lilo & Stitch
80%
Ratatouille
78%
Les 101 dalmatiens
77%
Là-haut
76%
Alice au pays des merveilles
73%
Tarzan
73%
Soul
72%
Luca
70%
Peter pan
70%
Rebelle
69%
La belle au bois dormant
66%
Les aventures de Bernard et Bianca
61%
Atlantide, l'empire perdu
56%
Oliver et compagnie
56%
Rox et rouky
53%
Alerte rouge
52%
Frère des ours
51%
Blanche-neige et les sept nains
50%
Wish
49%
La planète au trésor
47%
Wall-E
45%
Les mondes de Ralph
44%
Basil, détective privé
38%
Robin des bois
34%
Planes
28%
Clochette
21%
Aucun quiz correspondant
Distribution des résultats
% des personnes avec chaque résultat
Percentile par nombre de réponses
Votre historique - résultats
Vous n’avez pas pris ce quiz